000 00732nam a2200181Ia 4500
008 090124s9999 xx 000 0 und d
082 _b109366
100 _aकेतकर ग. वि. (गजानन विश्र्वनाथ)
245 _a लोकमान्यांची भाषाशैली
250 _a1
260 _c1962
300 _a160
600 _aकेतकर ग. वि. (गजानन विश्र्वनाथ)
630 _a लोकमान्यांची भाषाशैली
700 _aकेतकर ग. वि. (गजानन विश्र्वनाथ)
730 _a लोकमान्यांची भाषाशैली
942 _cBOOK
999 _c155457
_d155457